00559nam a2200181 4500001000500000005001700005008003900022010001700061020001800078100002100096245008000117264003900197300002000236650002100256650003400277650003200311650003400343433220181127173204.0140917s2014 nyu 000 0 eng a 2014951567 a97893816263441 aTripathi, Amish.14aThe immortals of Meluha :cbBook 2 of the Shiva Trilogy /cAmish Tripathi. 1aNew Delhi :bWestland Ltd, c2013. a395 p. ; 20 cm. aIndia.vxyz2 aIndus civilization.vxyz2 aMythology, Indic.vxyz2 aSiva (Hindu deity).vxyz2